000 00728nam a2200241Ia 4500
003 OSt
005 20220926020441.0
006 a|||||r|||| 00| 0
007 ta
008 220923b |||||||| |||| 00| 0 eng d
020 _a9781138839915
_c8469.00
037 _b3134, 06/03/2019, The Bookseller
_cGeneral Book
040 _aRTL
_cRTL
_beng
041 _2eng
_aeng
082 _aY, Q7
100 _aTSILIMPOUNIDI Myrto
_9324483
245 0 _aSociolgy of crisis
_b Visualising urban austerity
260 _aNew York
_bRoutledge
_c2017
300 _axi,190p
_ccm.
650 _aSociology
942 _hY, Q7
_cGB
_2CC
999 _c634289
_d634289